Normal view
MARC view
Entry Personal Name
001 - CONTROL NUMBER
- control field: 257567
003 - CONTROL NUMBER IDENTIFIER
- control field: OSt
005 - DATE AND TIME OF LATEST TRANSACTION
- control field: 20260303162626.0
008 - FIXED-LENGTH DATA ELEMENTS
- fixed length control field: 260303|| aca||aabn | a|a d
040 ## - CATALOGING SOURCE
- Original cataloging agency: OSt
- Transcribing agency: OSt
100 ## - HEADING--PERSONAL NAME
- Personal name: Pilar,Bharathi
670 ## - SOURCE DATA FOUND
- Source citation: Work cat.: (OSt)240995: Santhosh R 257564, Advanced java and J2EE, 2026